La Española en el Siglo XVI : (Registro nro. 13465)

Detalles MARC
000 -LIDER
fixed length control field 01688nam a2200337 a 4500
001 - NÚMERO DE CONTROL
Identificador de número de control 000024125
003 - IDENTIFICACDOR DE NÚMERO DE CONTROL
control field DO-SdBNP
005 - DATE AND TIME OF LATEST TRANSACTION
control field 20230704090942.0
008 - ELEMENTOS DE LONGITUD FIJA
fixed length control field 110119s1971 dr b 000 0 spa d
040 ## - FUENTE DE CATALOGACIÓN
Agencia que crea de manera original el registro BPMSU
Idioma de catalogación spa
Agencia que realiza la transcripción BPMSU
082 #4 - NÚMERO DE CLASIFICACIÓN DECIMAL DE DEWEY
Classification number 972.9302
Item number M938e 1971
Edition number 22
100 1# - ASIENTO PRINCIPAL -- NOMBRE PERSONAL
Nombre personal Moya Pons, Frank
Fechas asociadas con el nombre 1944-
245 13 - MENCIÓN DE TITULO
Título La Española en el Siglo XVI :
Subtítulo trabajo sociedad y política en la economía del oro /
Mención de responsabilidad Frank Moya Pons
246 13 - VARIACION DEL TÍTULO
Título propiamente dicho o título corto La Española en el Siglo XVI :
Subtítulo 1493-1520
260 ## - PUBLICACIÓN, DISTRIBUCIÓN, ETC. (PIE DE IMPRENTA)
Lugar de publicación, distribución, etc Santiago, República Dominicana :
Nombre del editor, distribuidor, etc. Universidad Católica Madre y Maestra
Fecha de publicación, distribución, etc 1971
300 ## - DESCRIPCIÓN FÍSICA
Extensión 207 p. ;
Dimensiones 20 cm.
490 0# - MENCIÓN DE SERIES
Mención de serie Estudio
500 ## - NOTA GENERAL
Nota general Incluye datos biográficos del autor en la contracubierta
500 ## - NOTA GENERAL
Nota general Incluye referencias bibliográficas y notas al pie de las páginas
500 ## - NOTA GENERAL
Nota general Incluye índice
504 ## - NOTA DE BIBLIOGRAFÍA, ETC.
Bibliography, etc Bibliografía : p. 273-278
505 0# - NOTA DE CONTENIDO
Texto normalizado de contenido Antecedentes (1493-1500) -- Encomiendas y repartimientos en tiempos de Nicolás de Ovando 1500-1508 -- Clase y conflitos en tiempos de Diego Colón 1509-1514 -- El repartimiento de 1514 -- La Crisis de Oro : reto y respuesta 1515-1516 -- La utopía españolense : el Gobierno de los Padre Jerónimos 1516-1519
590 ## - NOTA LOCAL
Enlace Inventariado,2021/VM
651 #4 - ENCABEZAMIENTO DE MATERIA--NOMBRE GEOGRÁFICO
Nombre geográfico República Dominicana
Subdivisión temática general Historia
Subdivisión cronológica XVI
Enlace
651 #4 - ENCABEZAMIENTO DE MATERIA--NOMBRE GEOGRÁFICO
Nombre geográfico República Dominicana
Subdivisión temática general Condiciones sociales
Subdivisión cronológica Siglo XVI.
Subdivisión de forma
651 #4 - ENCABEZAMIENTO DE MATERIA--NOMBRE GEOGRÁFICO
Nombre geográfico República Dominicana
Subdivisión temática general Condiciones económicas
Subdivisión cronológica Siglo XVI .
Subdivisión de forma
651 #4 - ENCABEZAMIENTO DE MATERIA--NOMBRE GEOGRÁFICO
Nombre geográfico América
Subdivisión temática general Descubrimiento y exploraciones
-- Españoles
-- Aspectos socioeconómicos.
710 2# - ASIENTO SECUNDARIO -- NOMBRE CORPORATIVO
Nombre corporativo o de jurisdicción Universidad Católica y Maestra (Santiago,República Dominicana)
910 ## - VALIDACIÓN
Validación VMateo V. Control de calidad (BPMSU)
942 ## - ADDED ENTRY ELEMENTS (KOHA)
Source of classification or shelving scheme Dewey Decimal Classification
Koha item type Libros
Existencias
Withdrawn status Lost status Source of classification or shelving scheme Damaged status Not for loan Collection code Home library Current library Date acquired Source of acquisition Full call number Barcode Date last seen Price effective from Koha item type Copy number
    Dewey Decimal Classification     Colección Dominicana Biblioteca Pública Metropolitana Salomé Ureña Biblioteca Pública Metropolitana Salomé Ureña 05/10/2021 Reyes Duluc BPMSU CD 972.9302 M938e 1971 BPMSU21050022 05/10/2021 05/10/2021 Libros  
    Dewey Decimal Classification     Colección Dominicana Biblioteca Pública Metropolitana Salomé Ureña Biblioteca Pública Metropolitana Salomé Ureña 05/10/2021 Geraldine de Santis BPMSU CD 972.9302 M938e 1971 BPMSU23070001 07/04/2023 05/10/2021 Libros e.2